Littérature : (Record no. 126761)
[ view plain ]
| 000 -LEADER | |
|---|---|
| campo de control de longitud fija | 01531nam a22002177a 4500 |
| 003 - IDENTIFICADOR DE NÚMERO DE CONTROL | |
| campo de control | BJBSDDR |
| 005 - FECHA Y HORA DE LA ÚLTIMA TRANSACCIÓN | |
| campo de control | 20260410095151.0 |
| 007 - CAMPO FIJO DE DESCRIPCIÓN FÍSICA--INFORMACIÓN GENERAL | |
| campo de control de longitud fija | ta |
| 008 - DATOS DE LONGITUD FIJA--INFORMACIÓN GENERAL | |
| campo de control de longitud fija | 260410s2018 fr ||||| |||| 00| 0 fre d |
| 020 ## - NÚMERO INTERNACIONAL ESTÁNDAR DEL LIBRO | |
| Número Internacional Estándar del Libro | 9782367405735 |
| 040 ## - FUENTE DE CATALOGACIÓN | |
| Lengua de catalogación | spa |
| Centro/agencia transcriptor | BJBSDDR |
| 041 ## - CÓDIGO DE IDIOMA | |
| Código de lengua del texto/banda sonora o título independiente | spa |
| 050 ## - SIGNATURA TOPOGRÁFICA DE LA BIBLIOTECA DEL CONGRESO | |
| Número de ítem | H268 2018 |
| 100 1# - ENTRADA PRINCIPAL--NOMBRE DE PERSONA | |
| Nombre de persona | Hardy, Christophe |
| 9 (RLIN) | 47873 |
| 245 10 - MENCIÓN DEL TÍTULO | |
| Título | Littérature : |
| Resto del título | à la rencontre des romans français / |
| Mención de responsabilidad, etc. | Christophe Hardy |
| 260 ## - PUBLICACIÓN, DISTRIBUCIÓN, ETC. | |
| Lugar de publicación, distribución, etc. | Paris : |
| Nombre del editor, distribuidor, etc. | Scrineo, |
| Fecha de publicación, distribución, etc. | 2018 |
| 300 ## - DESCRIPCIÓN FÍSICA | |
| Extensión | 472 pages ; |
| Dimensiones | 23 cm |
| 520 ## - RESUMEN, ETC. | |
| Sumario, etc. | Les Bagages culture de l'éléphant » : une collection qui développe les thématiques de la revue l'éléphant, autour de l'approfondissement des connaissances et de la mémorisation, avec des contenus inédits ! Ce livre très écrit, véritable plaisir de lecture, offre un panorama de la littérature française au travers d'une vingtaine de romans emblématiques, avec rappels et renvois entre les différentes œuvres. Un panorama large et clair de la littérature française depuis le Moyen Âge jusqu'à nos jours, qui fixe des points de repère et nourrit une culture personnelle Une mise en bouche qui donne envie d'aller vers l'œuvre grâce à un large extrait du roman et des clés d'analyse pour pénétrer l'histoire Des développements synthétiques pour situer le roman dans ses multiples contextes (Histoire, histoire littéraire...) et des informations sur les éditions de référence et les critiques, les adaptations cinématographiques, les sites web. |
| 942 ## - ELEMENTOS DE ENTRADA SECUNDARIOS (KOHA) | |
| Fuente del sistema de clasificación o colocación | Clasificación de Library of Congress |
| Suprimir en OPAC | No |
| Tipo de ítem Koha | Libro |
| 946 ## - PROCESAMIENTO DE INFORMACIÓN LOCAL (OCLC) | |
| Iniciales del agente catalogador | cmc |
| Estatus retirado | Estado de pérdida | Fuente del sistema de clasificación o colocación | Estado de daño | No para préstamo | Colección | Biblioteca de origen | Biblioteca actual | Ubicación en estantería | Fecha de adquisición | Signatura topográfica completa | Código de barras | Visto por última vez | Copia número | Tipo de ítem Koha |
|---|---|---|---|---|---|---|---|---|---|---|---|---|---|---|
| Clasificación de Library of Congress | Automatización y Procesos Técnicos | Biblioteca Juan Bosch | Biblioteca Juan Bosch | Automatización y Procesos Técnicos (1er. Piso) | 10/04/2026 | H268 2018 | 00000198925 | 10/04/2026 | 1 | Libro |
